000 01262nam a2200301M 4500
001 sandroofchegem00iska
003 CaSfIA
005 20210119080225.0
007 cr||||
008 091127s1983 nyu 000 u eng d
040 _aDKDLA
_bdan
_cDKDLA
_dCaSfIA
020 _a0394715160
020 _a9780394715162
035 _a(OCoLC)470806927
041 1 _aeng
_hrus
082 4 _a891.7344
_219
100 1 _aIskander, Fazil'.
240 1 0 _aSandro iz Cegema.
245 1 0 _aSandro of Chegem /
_h[electronic resource]
_cby Fazil Iskander ; transl. from the Russian by Susan Brownsberger.
260 _aNew York :
_bVintage Books,
_c1983.
300 _a368 s.
029 0 _aDKDLA
_b22825066
856 4 1 _uhttp://www.archive.org/details/sandroofchegem00iska
_zFree eBook from the Internet Archive
856 4 2 _uhttp://www.openlibrary.org/books/OL3507648M
_zAdditional information and access via Open Library
942 _cEB
506 _fНеобхідна авторизація на https://archive.org/ (створення облікового запису безкоштовно)
506 _fНеобхідна авторизація на https://openlibrary.org/ (створення облікового запису безкоштовно)
999 _c545589
_d545589